Personnages d'anime (manga) en images - F - Statistiques

Statistiques générales
  • Ce quiz a été pris 235 fois
    199 depuis la dernière actualisation
  • Le résultat moyen est 4 sur 20
Statistiques - réponses
Par images Réponse % Correct
Foxy
72%
Fumikage Tokoyami
65%
Fubuki
40%
Fuu
35%
Franklin Bordeaux
34%
Franky Franklin
28%
Frieda Reiss
26%
Franken Stein
24%
Finral Roulacase
23%
Floki
20%
Faye Valentine
17%
Filo
13%
Futaro Uesugi
11%
Footman
5%
Fel
4%
Fena Houtman
3%
Fumio Daimido
3%
Fuyumi Yanagi
3%
Friede
1%
Futaba Kuroe
1%
Aucun quiz correspondant
Distribution des résultats
% des personnes avec chaque résultat
Percentile par nombre de réponses
Votre historique - résultats
Vous n’avez pas pris ce quiz depuis la dernière actualisation